| 000 | 00365nam a2200145Ia 4500 | ||
|---|---|---|---|
| 008 | 230704s9999 xx 000 0 und d | ||
| 020 | _a9788186793831 | ||
| 100 | _aDATTA, ASIM KUMAR | ||
| 245 | 0 | _aESSENTIALS OF HUMAN EMBRYOLOGY | |
| 250 | _a6TH | ||
| 260 |
_bCURRENT BOOKS INTERNATIONAL, KOKATA _c2013 |
||
| 300 | _a306 | ||
| 650 | _aEmbryology | ||
| 942 | _cBK | ||
| 999 |
_c216089 _d216089 |
||